What´s the time? (Record no. 69076)

MARC details
000 -LÍDER
campo de controle de tamanho fixo 00345 a2200157 4500
001 - NÚMERO DE CONTROLE
campo de controle 69076
020 ## - ISBN - INTERNATIONAL STANDARD BOOK NUMBER
ISBN - International Standard Book Number 9781409301776
040 ## - FONTE DA CATALOGAÇÃO
Instituição que transcreveu o registro Anchieta - Itaigara
100 ## - ENTRADA PRINCIPAL--NOME PESSOAL
Nome pessoal Clark, Lesley
240 10 - TÍTULO UNIFORME
Título uniforme What´s the time?
Idioma da obra Ing
245 10 - TÍTULO
Título What´s the time?
300 ## - DESCRIÇÃO FÍSICA
Extensão 27
362 0# - DATAS DE PUBLICAÇÃO E/OU DESIGNAÇÃO SEQUENCIAL
Datas de publicação e/ou designação sequencial 0
650 #4 - ASSUNTO--TERMO TÓPICO
Cabeçalho tópico ou nome geográfico Literatura infantil em inglês
942 ## - ELEMENTOS DE ENTRADA ADICIONADOS (KOHA)
Tipo de material Koha Livros
Holdings
Situação do descarte Situação das perdas Situação física Não pode ser emprestado Biblioteca de origem Biblioteca atual Data de aquisição Total de empréstimos Número de chamada completo Código de barras Data de último acesso Data do preço efetivo Tipo de material Koha Fonte da classificação ou esquema de arquivamento na estante Nota pública
        Colégio São Paulo Colégio São Paulo 21/11/2023   LI 028.573 CLA WHA 1019/ITA 21/11/2023 21/11/2023 Livros    
        Novo Tempo - Aureliano São José Novo Tempo - Aureliano São José 11/07/2024     i82 11/07/2024 11/07/2024 Livros Classificação Decimal de Dewey INGLÊS
        Novo Tempo - Aureliano São José Novo Tempo - Aureliano São José 11/07/2024     i85 11/07/2024 11/07/2024 Livros Classificação Decimal de Dewey INGLÊS
        Novo Tempo - Aureliano São José Novo Tempo - Aureliano São José 11/07/2024     i105 11/07/2024 11/07/2024 Livros Classificação Decimal de Dewey INGLÊS